|
|
|
|
| LEADER |
01105cam a2200289 a 4500 |
| 001 |
c000391051 |
| 003 |
CARM |
| 005 |
20120731094414.0 |
| 008 |
120731s1908 nyuaf b 000 0 eng d |
| 010 |
|
|
|a 08020701
|
| 019 |
1 |
|
|a 27179475
|5 LACONCORD2021
|
| 035 |
|
|
|a (OCoLC)971799
|5 LACONCORD2021
|
| 040 |
|
|
|a DLC
|b eng
|c OTifH
|d OCoLC
|d DLC
|
| 042 |
|
|
|a premarc
|
| 050 |
0 |
0 |
|a PR1261
|b .E8 1908
|
| 130 |
0 |
|
|a Everyman.
|
| 245 |
1 |
0 |
|a Everyman :
|b a morality play /
|c edited with an introduction, notes and bibliography by Montrose J. Moses.
|
| 260 |
|
|
|a New York :
|b Mitchell Kennerley,
|c c1908.
|
| 300 |
|
|
|a 161 p., [6] l. of plates :
|b ill., front. ;
|c 19 cm.
|
| 504 |
|
|
|a Bibliography: p. 148-161.
|
| 650 |
|
0 |
|a Moralities, English.
|
| 700 |
1 |
|
|a Moses, Montrose Jonas,
|d 1878-1934.
|
| 852 |
8 |
|
|b CARM
|p 0581726
|f BK
|
| 852 |
8 |
|
|b SCAN
|h A3:AG03A0
|i A05717
|p 0581726
|f BK
|
| 999 |
f |
f |
|i 7b1a79ec-19f3-5145-a6bd-a2ce5796f74e
|s 771d3a3f-ee0c-5ec2-87a5-f9049822aa2d
|
| 952 |
f |
f |
|p Can circulate
|a CAVAL
|b CAVAL
|c CAVAL
|d CARM 1 Store
|i book
|m 0581726
|
| 952 |
f |
f |
|a CAVAL
|b CAVAL
|c CAVAL
|d Unmapped Location
|e A05717
|f A3:AG03A0
|h Other scheme
|